|
|
|
|
| LEADER |
00652nab a2200181 i 4500 |
| 001 |
misc43353 |
| 005 |
20191106141306.0 |
| 008 |
180824s1992 hu o 0|| zxx d |
| 022 |
|
|
|a 1215-5233
|
| 040 |
|
|
|a SZTE Miscellanea Repozitórium
|b hun
|
| 041 |
|
|
|a zxx
|
| 100 |
1 |
|
|a Fejős Zoltán
|
| 245 |
1 |
0 |
|a Magyarnyelv-oktatás és magyar iskolák Európán kívül
|h [elektronikus dokumentum] /
|c Fejős Zoltán
|
| 260 |
|
|
|c 1992
|
| 300 |
|
|
|a 23-28
|
| 490 |
0 |
|
|a Iskolakultúra
|v 2 No. 16
|
| 695 |
|
|
|a Magyar nyelv tanítása - USA, Emigráció - magyar - 20. sz.
|
| 856 |
4 |
0 |
|u http://misc.bibl.u-szeged.hu/43353/1/iskolakultura_1992_016_023-028.pdf
|z Dokumentum-elérés
|